000 00586cam a22002291 4500
001 sa 65004448
003 DLC
005 20260227112131.0
008 890714s1962 pk 000 0 urdr
010 _asa 65004448
035 _a(OCoLC)20011589
040 _aDLC
_cWaU
_dDLC
042 _apremarc
050 0 0 _aPK2199.M38
_bZ67
100 1 _aGilani, Asad,
_d1922-
245 1 0 _aMaulānā Maudūdī se miliʼe.
260 _c[1962]
300 _a414 p.
_c19 cm.
500 _aIn Urdu.
500 _aText partially vocalized.
600 1 0 _aMaudoodi, Syed Abul ʻAla,
_d1903-1979.
999 _c63768
_d63768